000 00879nas a2200253 4500
001 BR0104892
003 BR-BrBNA
005 20231205102511.0
007 ta
008 230509b bl.|||p| |||| 00| 00por d
040 _aBR-BrBNA
_bpor
_cBiblioteca Nacional de Agricultura
041 _a(Pt)
072 _aL72
100 1 _aFortes, E.
100 1 _aMattos, M.J.T. de
100 1 _aOliveira, M.F. de
245 1 _aOcorrencia de Neochinorhynchys curemai Noronha, 73 (Acanthocephala)em tainha Mugil curema (Cuvier Et Valenciennes, 1836)do Complexo Estuario do Rio Potengi, Natal, RN, Brasil
650 _aTainha
650 _aParasito
650 _aRio Grande do Norte
773 0 _tRevista Brasileira de Medicina Veterinaria (Brazil)
_xISSN 0100-2430
_g(Jul-Aug 2000), v. 22(4) p. 174-175
_wBR0104892
909 _a202311
_bLúcia
_c55
_dLúcia Elande
942 _2AGRIS
_n0
_cANA
999 _c167885
_d167885